A guide to Microsoft Excel: (Record no. 3003)

MARC details
000 -LEADER
fixed length control field 00582nam a22002177a 4500
003 - CONTROL NUMBER IDENTIFIER
control field OSt
005 - DATE AND TIME OF LATEST TRANSACTION
control field 20240413153449.0
008 - FIXED-LENGTH DATA ELEMENTS--GENERAL INFORMATION
fixed length control field 160209b xxu||||| |||| 00| 0 eng d
020 ## - INTERNATIONAL STANDARD BOOK NUMBER
International Standard Book Number 0750650575
040 ## - CATALOGING SOURCE
Transcribing agency 040a
082 ## - DEWEY DECIMAL CLASSIFICATION NUMBER
Classification number 005.26 LIE 2000
100 ## - MAIN ENTRY--PERSONAL NAME
Personal name Liengme, Bernard V.
9 (RLIN) 6745
245 ## - TITLE STATEMENT
Title A guide to Microsoft Excel:
Remainder of title for scientists and engineers
250 ## - EDITION STATEMENT
Edition statement 2nd.ed
260 ## - PUBLICATION, DISTRIBUTION, ETC. (IMPRINT)
Place of publication, distribution, etc. Oxford
Name of publisher, distributor, etc. Butterworth Heinemann
Date of publication, distribution, etc. 2000
300 ## - PHYSICAL DESCRIPTION
Extent xii,275p;
Other physical details ill :
Dimensions 13 cm.
504 ## - BIBLIOGRAPHY, ETC. NOTE
Bibliography, etc includes index
648 ## - SUBJECT ADDED ENTRY--CHRONOLOGICAL TERM
Chronological term Microsoft
9 (RLIN) 6746
650 ## - SUBJECT ADDED ENTRY--TOPICAL TERM
Source of heading or term Programming
942 ## - ADDED ENTRY ELEMENTS (KOHA)
Source of classification or shelving scheme Dewey Decimal Classification
Koha item type Short Loan
Holdings
Withdrawn status Lost status Source of classification or shelving scheme Damaged status Not for loan Home library Current library Date acquired Source of acquisition Inventory number Total Checkouts Full call number Barcode Date last seen Koha item type
    Dewey Decimal Classification     MUST Main Library MUST Main Library 09/02/2016 Purchase 02/17808   005.26 LIE 2000 2016-0134 09/02/2016 Short Loan